000 00804nam a2200265 i 4500
001 103569
003 ES-MaACL
005 20230906183411.0
007 t|
008 060417s1990 sp |||| | spa d
020 _a84-7880-019-0
080 _a331.105.44(460)"1988/..."
100 1 _aSantos, Roberto.
_9103488
245 1 3 _aLa conjura del Zar /
_cRoberto Santos y José Antonio Sánchez.
250 _a1ª ed.
260 _aMadrid :
_bTemas de Hoy,
_c1990.
300 _a589 p. :
_bil. ;
_c22 cm.
490 1 _aHombres de hoy ;
_v14
610 2 4 _aUGT-
_vHistoria.
_9173653
610 2 4 _aPartido Socialista Obrero Español-
_vHistoria.
_96157
700 1 _aSánchez, José Antonio.
_9102379
830 0 _aHombres de hoy ;
_v14
_9177808
852 _aES-MaACL
_jC-56900
999 _c103569
_d103569